| 000 | 00441nam a22001577a 4500 | ||
|---|---|---|---|
| 003 | macl | ||
| 005 | 20181117132250.0 | ||
| 008 | 181117b xxu||||| |||| 00| 0 eng d | ||
| 040 | _cmacl | ||
| 082 | _a350 | ||
| 100 |
_aलक्ष्मीकांत ,एम _973237 |
||
| 245 | _aलोक प्रशासन | ||
| 260 |
_achennai _bmc graw hill _c2012 |
||
| 650 |
_aलोक प्रशासन _936378 |
||
| 942 |
_2ddc _cHIN |
||
| 999 |
_c58592 _d58592 |
||